000 00770nam a22002297a 4500
003 UA-OsUOA
001 36075
007 ta
008 20060705b un ||||| |||| 00| 0 ukr d
100 _aКогуська Н.Л.
090 _a061.213
_bК57
942 _cBK
040 _aUA-OsUOA
_bukr
_cUA-OsUOA
_dUA-OsUOA
245 _aЮвілейна книжка Союзу Української Молоді Канади
_bЗ нагоди 25-ліття громадської праці першої організації української молоді в Канаді 1931-1956
300 _a222 с.
955 _a1
041 _aukr
080 _a061.213
260 _aВінніпег
_c1956
650 7 _a0 Загальний відділ.
_2UDC
999 _c424655
_d424655